00255nam a2200121Ia 4500100003700000650000800037366000700045654000800052245003700060260001600097082000800113546001200121 aMcEwen Adrian/ Hakim/Cassimally  aIOT f20 aIOT aDesigning the internet of things bWileyc2014 bMCE aENGLISH